| 000 | 01261nam0a22002771 4500 | ||
|---|---|---|---|
| 001 | rc\3552452 | ||
| 005 | 20250610020919.0 | ||
| 021 |
_aRU _bРг4835-73 |
||
| 035 | _a(NLR Aleph) 007638905 | ||
| 090 |
_a6104728 _c6104728 |
||
| 100 | _a20130115d1972 |||y0rusy50 ca | ||
| 101 | 0 | _arus | |
| 102 | _aRU | ||
| 105 | _ay b ||||| | ||
| 200 | 1 |
_a[Каталог] _f[Авт. вступ. статьи и сост. Е.Я. Ермолаев] _gОтд. культуры Исполкома Загор. Совета депутатов трудящихся. Моск. обл. организация Союза художников РСФСР. выставка произведений художников г. Загорска, посвящ. 30-летию разгрома немецко-фашистских войск под Москвой |
|
| 210 |
_a[Загорск] _cБ. и. _d1972 |
||
| 215 |
_a14 с. _d21 |
||
| 532 | 1 | 3 | _aКаталог |
| 702 | 1 |
_aЕрмолаев _bЕ.Я. _4080 _4220 |
|
| 710 | 1 | 2 | _aВыставка произведений художников города Загорска (1972; Загорск) |
| 801 | 0 |
_aRU _bNLR _gpsbo |
|
| 801 | 1 |
_aRU _bELAR _2rusmarc |
|
| 852 |
_aNLR _bЭ _jКЗ143/1972 |
||
| 942 | _cBOOK | ||
| 980 | _aNB | ||